000
00313nam a22001337a 4500
003
SGT
082
_a
616.89
_b
P08G
100
_a
GREYDANUS, DONALD E.
245
_a
PEDIATRIC AND ADOLESCENT PSYCHOPHARMACOLOGY
260
_a
UK
_b
CAMBRIDGE UNI
_c
2008
300
_a
301
650
_a
PSYCHOLOGY
942
_2
ddc
_c
BK
999
_c
14531
_d
14531